| 000 | 01049nam a22002177a 4500 | ||
|---|---|---|---|
| 999 |
_c60257 _d60257 |
||
| 003 | Ge_BSU | ||
| 005 | 20230622122730.0 | ||
| 008 | 230622s2000 ge ||||| |||| 00| 0 geo d | ||
| 020 | _a9992844434 | ||
| 041 | _ageo | ||
| 080 | _a94(=411.16)(479.22) კ-71 | ||
| 100 |
_aკომახიძე, თეიმურაზ _93432 |
||
| 245 |
_aღვაწლმოსილი მეცნიერი / _cთეიმურაზ კომახიძე ; რედ. ჯემალ ხოფერია. |
||
| 264 |
_aბათუმი : _bს.ს. "გამომცემლობა აჭარა", _c2000. |
||
| 300 |
_a248 გვ. : _bფოტ. ; _c20 სმ. |
||
| 500 | _aეძღვნება დავით ხახუტაიშვილის ხსოვნას. | ||
| 653 | _aხახუტაიშვილი, დავით | ||
| 653 | _aქართველი არქეოლოგები | ||
| 700 |
_aხოფერია, ჯემალ _eრედაქტორი _93862 |
||
| 942 |
_2udc _cBK |
||